00379nam a2200121Ia 4500008004100000020001800041100002500059245009400084250001200178260003600190300001800226650001300244180705s9999 xx 000 0 und d a9789812533081 aGoeldner, Charles R. cCharles R. Goeldner, Brent J.R. Ritchie.aTOURISM:bPrinciples, Practices, Philosophies / a11th ed aCanada:bJohn Wiley&Sons:c2009 avi, 624 pages aTourism.